Ostrý Roháč - IV. jazero

Zobrazenie: Pohľad v bielom orámovaní na vrcholky ihličnatých stromov vpravo v popredí. za nimividno jazero, na okraji ktorého je jedna osoba vľavo. Za jazerom vidno vrcholky skalnatých hôr

Bibliographic Details
Format: Postcard
Language:Slovak
PhysicalDescription:1 pohľadnica čiernobiela 14 x 9 cm
Published: [Bratislava] Tatran 1947
Subjects:

MARC

LEADER 00000nkm a2200000 a 4500
001 vtls011989564
003 SK-MaSNL
005 20260512130059.0
007 kp bo
008 231120s1947 xo g kuslo
015 |a SNBG1947 
035 |a urn:nbn:sk:snk-km00ehdd 
035 |a urn:nbn:sk:snk-km43bm4 
035 |a FC9670FF-58F2-42A3-B487-B431D8659009 
040 |a SNK  |b slo  |c SNK  |e AACR2 
041 0 |a slo 
043 |a e-pl--- e-xo--- 
044 |a xo  |c SK 
072 7 |a 908(437)  |x Vlastiveda Česka a Slovenska  |2 konspekt 
080 |a 911.2(23.0)  |2 2011 
080 |a 908(438)  |2 2011 
080 |a (084.121)  |2 2011 
080 |a 908(437.6)  |2 2011 
080 |a 556.55  |2 2011 
080 |a 551.24.055  |2 2011 
080 |a 551.4.035  |2 2011 
245 0 0 |a Ostrý Roháč - IV. jazero  |h grafika 
260 |a [Bratislava]  |b Tatran  |c 1947 
300 |a 1 pohľadnica  |b čiernobiela  |c 14 x 9 cm 
520 8 |a Zobrazenie: Pohľad v bielom orámovaní na vrcholky ihličnatých stromov vpravo v popredí. za nimividno jazero, na okraji ktorého je jedna osoba vľavo. Za jazerom vidno vrcholky skalnatých hôr 
650 0 7 |a jazerá  |2 SNKPH  |9 19987 
650 0 7 |a vrchy a štíty  |2 SNKPH  |9 165131 
650 0 7 |a pohoria  |2 SNKPH  |9 44054 
651 7 |a Roháče (Západné Tatry, Slovensko : pohorie)  |2 SNKPHgeo  |9 74675 
651 7 |a Západné Tatry (Poľsko a Slovensko : pohorie)  |2 SNKPHgeo  |9 68765 
651 7 |a Ostrý Roháč (Západné Tatry, Slovensko : vrch)  |2 SNKPHgeo  |9 57531 
655 7 |a geografické pohľadnice  |2 SNKPH  |9 70522 
852 |a Slovenská národná knižnica 
958 |a GC 
958 |a GBN 
958 |a OND 
958 |a EUIPO 
999 |c 1124366  |d 1126296 
952 |a SNK  |b SNK  |y PREZ  |7 0  |p 17A1380583  |o snkSP 85579  |z Pohľadnica prešla poštou.  |0 0  |1 0  |4 0  |d 2020-08-26  |f 1  |l 0  |r 2026-02-24 18:41:52  |w 2026-02-24